| 000 | 00419nam a2200169Ia 4500 | ||
|---|---|---|---|
| 008 | 260330s2019 xx 000 0 und d | ||
| 020 | _a978014198347-9 | ||
| 041 | _aeng | ||
| 082 |
_a658.3 _bGRD |
||
| 100 | _aGRAEBER, DAVID | ||
| 245 | _aBULLSHT JOBS | ||
| 260 |
_bPENGUIN BOOKS LTD. PUNE _c2019 |
||
| 300 |
_aXXV/333pg _bPB |
||
| 365 | _cRs. | ||
| 650 | _aHuman Resource Management | ||
| 700 | _aGRAEBER, DAVID | ||
| 999 |
_c1218259 _d1218259 |
||